Youtubers con più iscritti in Italia - Statistics

Statistiche generali
  • Questo quiz è stato fatto 558 volte
  • Il punteggio medio è 4 su 15
Statistiche sulle risposte
iscritti Risposta % Corretto
6.29 milioni FavijTV
95%
5.53 milioni Me Contro Te
74%
4.37 milioni St3pNy
59%
4.84 milioni iPantellas
44%
4.30 milioni Lyon
32%
10 milioni Davie 504
22%
7.5 milioni Marzia
19%
4.4 milioni Khaby lame
7%
6.15 milioni PANDA BOI
7%
4.15 milioni 5 MINUTI CREATIVI
4%
4.21 milioni Ameli TVIT
4%
6.27 milioni Born2Kill
2%
13 milioni Doc Tops
2%
3.82 milioni Daniele Vitale Sax
1%
4.80 milioni DM Pranks
1%
Nessun quiz corrispondente trovato
Distribuzione punteggi
Percentuale di utenti per punteggio
Percentile per numero di risposta
I tuoi punteggi nel tempo
Non hai fatto questo quiz